000 00727nam a2200217Ia 4500
001 10801
003 GE_BSU
008 181216s||||||||xx |||||||||||||| ||und||
040 _cGE_BSU
080 _a821.353.1-1
100 _aქათამაძე,ჯემალ.
245 _aმიიწურა შემოდგომა.
245 _bლექსები.
245 _cრედ.ზურაბ.ფირცხალაიშვილი; მხატვ.რედ.გურამ გუჯაბიძე.
260 _aბათუმი.
260 _bაჭარა.
260 _c1993.
300 _a370გვ;21სმ.
653 _aმიიწურა შემოდგომა.
942 _cBK
999 _c44049
_d44049